Missing Word: Nationalities in Songs Quiz Stats

Quiz Updated Mar 5, 2016

Challenge
Share
Tweet
Embed
Score 0/18 Timer 03:00
5 Plays Today
Song Word % Correct
______ PieAmerican
99%
Walk Like An ______Egyptian
90.8%
______ RouletteRussian
79.7%
When ______ Eyes Are SmilingIrish
56.1%
Zorba The ______Greek
53.4%
______ Foreign LegionFrench
49.6%
______ HarlemSpanish
45.9%
______ DemocracyChinese
44.4%
______ ReservationIndian
43.8%
Song Word % Correct
Turning ______Japanese
42.6%
______ Wood
(This Bird Has Flown)
Norwegian
42.4%
Papino The ______ MouseItalian
33.4%
______ IdiotCanadian
31.8%
______ Civil WarEnglish
20.6%
______ RadioMexican
19.2%
Pass That ______Dutch
18%
______ DivorceHaitian
4.7%
The ______ MaidSwiss
4.1%

Today's Daily Dose

Missing Word
April Birthdays

Quick Pick
Signature Pinks

On This Day
April 20th II

You're not logged in!

Compare scores with friends on all Sporcle quizzes.
Sign Up with Email
OR
Log In

You Might Also Like...

Show Comments

Extras

Top Quizzes Today


Score Distribution

Your Account Isn't Verified!

In order to create a playlist on Sporcle, you need to verify the email address you used during registration. Go to your Sporcle Settings to finish the process.

Report this User

Report this user for behavior that violates our Community Guidelines.

Details: